000 00600cam a2200217 4500
008 000000n1999 000 0 eng u
020 _a0851424228
035 _a(Sirsi) u100069
041 _aeng
050 _a025.1
100 _aGallacher, Cathryn
245 _aManaging change in libraries and information services.
260 _aLondon
_bAslib
_c1999
300 _a104p. 20cm.
350 _a11.00
650 _aINFORMATION SERVICE MANAGEMENT
650 _aKNOWLEDGE MANAGEMENT
690 _aPROFESSIONAL PRACTICE
710 _aInformation Management International
_93823
942 _n0
999 _c99576
_d99576